Текст томруулах:    
White paper on development cooperation 2024 (Бичлэгийн дугаар. 146943)
000 -УДИРДЛАГА
Удирдлага 01274nam a22002897a 4500
003 - ХЯНАЛТЫН ТОО ТОДОРХОЙЛОГЧ
Код MN-UlNUM
005 - БИЧИЛТ ХИЙСЭН ОГНОО
Тухайн бичилтийг бичсэн засварласан сүүлийн огноо 20260409120053.0
008 - ЕРӨНХИЙ МЭДЭЭЛЭЛ
Ерөнхий мэдээлэл 231222s2025 ja o|||| |||| 00| | eng d
040 ## - БИЧЛЭГ ҮҮСГЭГЧ БАЙГУУЛЛАГА
Бичлэг үүсгэгч номын сангийн код МУИС-ийн номын сан
084 ## - ББК АНГИЛАЛ
Нэмэлт тусгалт Нэг сэдэвт бүтээл
ББК ангилал 66.4(5Jap)
Зохиогчийн гурван тэмдэгт W 63
Мэдлэгийн ялгаа 66 - Улс төр
245 ## - ҮНДСЭН ГАРЧИГ
Номын нэр White paper on development cooperation 2024
Бага гарчгийн мэдээ Japan’s International Cooperation
Ботийн нэр Education in the Asia-Pacific Region: Issues, Concerns and Prospects
260 ## - ГАРАЛТЫН МЭДЭЭ
Хэвлэгдсэн газар Tokyo
Хэвлэгдсэн он 2025
300 ## - МАТЕРИАЛЫН ТОДОРХОЙЛОЛТ
хуудасны тоо 161
500 ## - Тайлбар
Дансны дугаар ЭШФ Тайлан 780
505 ## - Агуулгын тэмдэглэгээ
Агуулгын тэмдэглэгээ The white paper on Development Cooperation 2024 reports to the people of Japan on the implementation status of Japan's development cooperation over the past year. Public understanding and support are indispensable to the success of these effors.
546 ## - ХЭЛНИЙ ТУХАЙ МЭДЭЭ
Хэл Англи хэл дээр,
653 ## - Түлхүүр үг
Түлхүүр үг politics
653 ## - Түлхүүр үг
Түлхүүр үг international relations
653 ## - Түлхүүр үг
Түлхүүр үг history of Japanese education
740 ## - НОМЫН ГАРЧИГ
Гарчиг Past achievements, Cultivated trust, and the Future of ODA
740 ## - НОМЫН ГАРЧИГ
Гарчиг Japan's official development assistance and Trends in Aid of other donors in Terms of Disbursement
740 ## - НОМЫН ГАРЧИГ
Гарчиг Responses to priority challenges
740 ## - НОМЫН ГАРЧИГ
Гарчиг Regional profiles
740 ## - НОМЫН ГАРЧИГ
Гарчиг Promotion of effective and strategic development cooperation
942 ## - ЭЛЕМЕНТИЙН ТӨРӨЛ
Зүйлийн төрөл Тайлан, зөвлөмж